000 00601nam a2200193 i 4500
001 62152
003 ES-MaACL
005 20230906164622.0
007 t|
008 170915s1921 fr ||||1| fre d
245 0 0 _aPiramus et Tisbé
_b: poème du XIIe. Siècle /
_cédité par C. de Boer.
260 _aParis :
_bHonoré Champion,
_c1921.
300 _aXII, 52 p. ;
_c19 cm.
490 1 _aLes Classiques français du moyen age ;
_v26
700 0 _aBoer, C. de.
_929749
830 0 _aLes Classiques français du moyen age ;
_v26
_9185716
852 _aES-MaACL
_j1626-F-3
999 _c62152
_d62152